MARC

LEADER 00000nam0a2200000 4500
001 373676
005 20231101050833.0
010 |a 5020293377 
035 |a (RuTPU)RU\TPU\retro\31106 
035 |a RU\TPU\book\225065 
090 |a 373676 
100 |a 20221216d1990 k y0rusy50 ca 
101 0 |a rus 
102 |a RU 
105 |a a z 001zy 
200 1 |a Теория и технология упрочнения металлических сплавов  |f Л. И. Тушинский 
210 |a Новосибирск  |c Наука  |d 1990 
215 |a 306 с.  |c ил. 
320 |a Библиогр.: с. 291-303. 
610 1 |a сплавы 
610 1 |a металлические сплавы 
610 1 |a упрочнение 
610 1 |a теория 
610 1 |a технология 
610 1 |a классификация 
610 1 |a рекристаллизация 
675 |a 621.787  |v 3 
700 1 |a Тушинский  |b Л. И.  |g Леонид Иннокентьевич 
801 1 |a RU  |b 63413507  |c 20120111 
801 2 |a RU  |b 63413507  |c 20221216  |g RCR 
942 |c BK